Concentración industrial y poder económico en México /

Este texto es un reporte de investigación sobre los marcos económicos donde se mueve el empresario industrial mexicano. El propósito es conocer las condiciones objetivas de las grandes empresas industriales, en cuanto a su ubicación geográfica, historia, tipo de participación predominante en el capi...

Descripció completa

Guardat en:
Dades bibliogràfiques
Autor principal: Cordero H., Salvador (autor)
Format: Llibre
Idioma:espanyol
Publicat: México : El Colegio de México, Centro de Estudios Sociológicos, 1977, c1977
Col·lecció:(Cuadernos del CES ; 18)
Matèries:
Etiquetes: Afegir etiqueta
Sense etiquetes, Sigues el primer a etiquetar aquest registre!

MARC

LEADER 00000nam^a2200000^a^4500
001 000000953
005 20250521000000.0
009 20260310083048.507
020 |a 968-12-0047-0 
037 |a Acervo ITESO - Biblioteca 
041 |a ESP 
082 |a 300.  |b CES V. 18 
100 |a Cordero H., Salvador  |e (autor) 
240 1 1 |a [Cuadernos del CES] 
245 1 0 |a Concentración industrial y poder económico en México /  |c S. Cordero H. 
264 4 |a México :  |b El Colegio de México, Centro de Estudios Sociológicos,  |c 1977, c1977 
300 |a 57 p. 
336 |a texto  |b txt  |2 rdacontenido 
337 |a sin mediación  |b n  |2 rdamedio 
338 |a volumen  |b nc  |2 rdasoporte 
440 1 |a (Cuadernos del CES ;  |v 18) 
520 |a Este texto es un reporte de investigación sobre los marcos económicos donde se mueve el empresario industrial mexicano. El propósito es conocer las condiciones objetivas de las grandes empresas industriales, en cuanto a su ubicación geográfica, historia, tipo de participación predominante en el capital y en formas de organización. Se investiga, también, cuáles han sido las medidas fiscales y de fomento a la industrialización promulgadas por el Estado Mexicano y que creación del sistema industrial. 
649 |a XX 
650 |a Industria -  |z México 
650 |a Empresa y Gobierno -  |z México 
650 |a Industrialización -  |z México 
650 |a Desarrollo Económico-Social -  |z México 
650 |a Política Industrial -  |z México 
650 |a Política Económica -  |z México 
650 |a Economía -  |z México -  |x Historia -  |y 1976-1982 
650 |a México -  |x Condiciones Económicas 
910 |a Fondo General 
920 |a Impresos - Libros 
930 |a Colección General 
905 |a 101 
901 |a 0009530100  |b IT1  |c ACC  |i 000953  |u 20250521 
901 |a 0044250100  |b IT1  |c ACC  |u 20250521 
902 |a https://opac.biblio.iteso.mx/vufind/Record/000000953